Re-Distribution with Growth (Record no. 2263)

MARC details
000 -LEADER
fixed length control field 00342nam a22001337a 4500
008 - FIXED-LENGTH DATA ELEMENTS--GENERAL INFORMATION
fixed length control field 250312b |||||||| |||| 00| 0 eng d
020 ## - INTERNATIONAL STANDARD BOOK NUMBER
ISBN 019920070X
100 ## - MAIN ENTRY--AUTHOR
Author CHENERY, Hollis Burnley
245 ## - TITLE STATEMENT
Title Re-Distribution with Growth
260 ## - PUBLICATION, DISTRIBUTION, ETC. (IMPRINT)
Place of publication U.K
Name of publisher Oxford University Press
Date of publication 1974
300 ## - COLLATION
Pagination xx, 304p.
942 ## - ADDED ENTRY ELEMENTS (KOHA)
Item type Books
050 ## - LIBRARY OF CONGRESS CALL NUMBER
Classification number HC59.7
Item number .R43
Holdings
Source of classification or shelving scheme Not for loan Permanent location Current location Date acquired Accession No. Full call number Barcode. Koha item type
Library of Congress Classification   Samuel Ogbemudia Main Library, University of Abuja Samuel Ogbemudia Main Library, University of Abuja 03/12/2025 92/006787 HC59.7.R43 2025-0511 Books